Raza, pobreza y exclusión social en Brasil /
A partir de un detallado análisis de los fenómenos de adscripción e identificación racial, se analizan los mecanismos de discriminación racial en la sociedad brasilera, desde acceso a servicios, participación en los mercados de trabajo, patrones de asentamiento, a prácticas de matrimonio interracial...
Wedi'i Gadw mewn:
| Prif Awdur: | |
|---|---|
| Fformat: | Texto |
| Cyhoeddwyd: |
San José:
FLACSO. Programa Costa Rica
|
| Pynciau: | |
| Tagiau: |
Ychwanegu Tag
Dim Tagiau, Byddwch y cyntaf i dagio'r cofnod hwn!
|
MARC
| LEADER | 00000 a a2200000 04500 | ||
|---|---|---|---|
| 001 | 45595 | ||
| 003 | |||
| 040 | |||
| 020 | |a 9977-68-110-4 | ||
| 090 | |a 05.03.03 G121e | ||
| 100 | |a Valle Silva, Nelson do | ||
| 245 | |a Raza, pobreza y exclusión social en Brasil / |c Nelson do Valle Silva | ||
| 260 | |a San José: |b FLACSO. Programa Costa Rica | ||
| 520 | |a A partir de un detallado análisis de los fenómenos de adscripción e identificación racial, se analizan los mecanismos de discriminación racial en la sociedad brasilera, desde acceso a servicios, participación en los mercados de trabajo, patrones de asentamiento, a prácticas de matrimonio interracial. | ||
| 590 | |a RRH/FEBRERO2014 | ||
| 650 | |a POBREZA | ||
| 650 | |a DISCRIMINACION RACIAL | ||
| 650 | |a RELACIONES RACIALES | ||
| 650 | |a SEGREGACION RACIAL | ||
| 650 | |a DESIGUALDAD SOCIAL | ||
| 650 | |a EXCLUSION SOCIAL | ||
| 650 | |a MARGINALIDAD | ||
| 650 | |a MOVILIDAD SOCIAL | ||
| 773 | |g páginas 151-187 | ||
| 999 | |c 29519 |d 29519 | ||



